000 00557nam a22001937a 4500
001 TVUNI
005 20260126014641.0
008 221102s2007 vm vie d
020 _c65000
040 _aTVUNI
_eAACR2
041 0 _avie
100 1 _aDương, Đăng Chinh
245 1 0 _aGiáo trình Quản lý tài chính công /
_cDương Đăng Chinh
250 _aTái bản lần thứ nhất, có sửa đổi bổ sung
260 _aHà Nội :
_bTài Chính,
_c2007
300 _a503 tr. ;
_c24 cm.
942 _2ddc
_cBK
999 _c2349
_d2349
912 _a1
_bHiển Phạm